LEADER 00859nam a2200181 i 4500 001 000000234945 003 CaOOAMICUS 005 20141024000000.0 008 141024s1821 it u000 u fre u 013 $a213848 026 $aern- sele 7.3, i,p. (3) 1821 (A) 040 $aSeMil$bita 245 10$aTome 2. 300 $a[4], 342 p. 773 0 $aDe Potter, Louis Joseph Antoine <1786-1859>$tEsprit de l'église ou Considérations philosophiques et politiques sur l'histoire des conciles, depuis les apôtres jusq'au grand schisme entre les Grecs et les Latins, sous l'empire de Charlemagne. Par De Potter. Tome 1. [-8.].$dParis : A la Librairie historique de E. Babeuf : Parmentier, 1821.$g2$w()30811 850 $aSeMil 852 $aSeMil$W1$xVenegono$y1$m3B II 42 FA$j185291$B185291$CSeMilBibl$Z2$F196167 $8I 996 $6245$aTome 2$9(OLS)http://semarc/title/1533 LEADER 00811nam a2200229 i 4500 001 000000069523 003 CaOOAMICUS 005 20251107145515.0 008 131009s1779 it u000 u ita u 013 $a40695 026 $ai.re a-so le), laes (7) 1779 (R) 040 $aSeMil$bita 245 10$aTomo 1. 300 $a374, [2] p. 500 $aSegn.: A-P12 Q8. 773 0 $aGenovesi, Antonio <1713-1769>$tDella Diceosina o sia Della filosofia del giusto e dell'onesto dell'abate Antonio Genovesi. Tomo 1. [-3.].$dVercelli : Tipografia Patria, 1779$g1$w()11873 850 $aSeMil 852 $aSeMil$W1$xVenegono$y1$m2P I 120 FA$j35676$B35676$CSeMilBibl$Z2$F35679 $8I 941 1 $a10 961 $aRecupero: Mantegazza 996 $6245$aTomo 1$9(OLS)http://semarc/title/46685